[Event "Olimpiade 2022 - Open"]
[Site "Chennai"]
[Date "09.08.2022"]
[Round "11.8"]
[Board "2"]
[White "Stremavicius, Titas"]
[Black "Kuzubov, Yuriy"]
[Result "1/2-1/2"]
[WhiteTitle "GM"]
[BlackTitle "GM"]
[WhiteElo "2532"]
[BlackElo "2642"]
[WhiteTeam "Lithuania"]
[BlackTeam "Ukraine"]
[WhiteFideId "12804444"]
[BlackFideId "14112906"]
[EventDate "2022.07.29"]

1. c4 e6 2. g3 d5 3. Nf3 dxc4 4. Qa4+ Nd7 5. Bg2 Nf6 6. O-O c5 7. Qxc4 b6 8. Nc3
Bb7 9. d3 Bd6 10. a4 O-O 11. a5 Bc6 12. Bg5 Qb8 13. Nb5 Bxb5 14. Qxb5 a6 15. Qb3
b5 16. Nd2 Ra7 17. Ne4 Nxe4 18. Bxe4 Rc7 19. Qc2 h6 20. Bd2 c4 21. dxc4 Rxc4 22.
Qb1 Rfc8 23. b3 R4c7 24. Ra2 Be5 25. Rd1 Nf6 26. Bf3 Nd5 27. Bxd5 exd5 28. Qf5
Rc6 29. Be3 Rf6 30. Qg4 Rg6 31. Qh5 Rc3 32. Rxd5 Rxe3 33. fxe3 Bxg3 34. Kh1 Bf2
35. Ra1 Bxe3 36. Qe5 Qxe5 37. Rxe5 Bd4 38. Re8+ Kh7 39. Rf1 Rc6 40. Rxf7 Rc1+
41. Kg2 Rg1+ 42. Kh3 Bf6 43. Re6 Kg6 44. Rc7 b4 45. Rc4 Kh5 46. Rxa6 g5 47. Rxb4
Be5 48. Re6 Bc3 49. Rb5 Bxa5 50. Re4 Bc7 51. Rc4 Bd6 52. Rd5 Bb8 53. Rb5 Bd6 54.
b4 Kg6 55. Rb6 Kh5 56. Rh4+ gxh4 57. Rxd6 Rb1 58. Rd5+ Kg6 59. Rd4 Rb2 60. Re4
Kf5 61. Rxh4 Kg5 62. Rg4+ Kf5 63. e3 Rb3 64. Rf4+ Ke5 65. Rh4 Rxe3+ 66. Kg4 Kd5
67. Kf5 Re5+ 68. Kg6 Re6+ 69. Kg7 Rb6 70. Rg4 Ke5 71. h4 Kf5 72. Rc4 h5 73. Kf7
Rb7+ 74. Ke8 Ke6 75. Kd8 Kd5 76. Rf4 Ke5 77. Rc4 Kd5 78. Rf4 Ke5 79. Kc8 Rb5 80.
Rc4 1/2-1/2

[Event "Olimpiade 2022 - Open"]
[Site "Chennai"]
[Date "09.08.2022"]
[Round "11.8"]
[Board "3"]
[White "Shevchenko, Kirill"]
[Black "Pultinevicius, Paulius"]
[Result "0-1"]
[WhiteTitle "GM"]
[BlackTitle "GM"]
[WhiteElo "2654"]
[BlackElo "2539"]
[WhiteTeam "Ukraine"]
[BlackTeam "Lithuania"]
[WhiteFideId "14129574"]
[BlackFideId "12809390"]
[EventDate "2022.07.29"]

1. c4 e6 2. Nc3 d5 3. d4 Nf6 4. cxd5 exd5 5. Bg5 c6 6. e3 h6 7. Bh4 Be7 8. Bd3
O-O 9. Qc2 Re8 10. Nge2 a5 11. O-O Na6 12. a3 Nc7 13. Rae1 Ne6 14. Kh1 b5 15. f3
Ba6 16. Bf2 Qb8 17. Bg3 Qb6 18. Bf5 Bf8 19. Rg1 Qb7 20. Nf4 Nxf4 21. Bxf4 c5 22.
e4 dxe4 23. Nxe4 Nd5 24. Be5 c4 25. Nc5 Qa7 26. Qe4 Bxc5 27. dxc5 Qxc5 28. Qg4
Qf8 29. Bb1 Bb7 30. Qf5 g6 31. Qd7 Re7 32. Qxb5 Qe8 33. Qxe8+ Raxe8 34. Bg3 Re2
35. Ba2 Ba6 36. h4 Nf4 37. Kh2 Nd3 38. Rxe2 Rxe2 39. Bb1 Rxb2 40. Rd1 f6 41. a4
Kf7 42. Bxd3 cxd3 43. Be1 Ke6 44. Bxa5 Kd5 45. Bc3 Rc2 46. Bxf6 d2 47. Bc3 Rxc3
48. Rxd2+ Bd3 49. Ra2 Kc4 50. a5 Kb3 51. Rd2 Kb4 52. Ra2 Rc6 53. Kg3 Kb3 54. Ra1
Ra6 55. Kf4 Bc2 56. Kg3 Kb2 57. Re1 Rxa5 58. Re8 Kc3 59. Rh8 h5 60. Re8 Kd2 61.
Kf2 Ra4 62. Re2+ Kc3 63. Kg3 Bd3 64. Re1 Ra2 65. Rc1+ Kd4 66. Re1 Kc3 67. Rc1+
Kd2 68. Rg1 Ra4 69. Rh1 Bc2 70. Kf2 Bd1 71. Rh3 Rb4 72. Rh1 Rc4 73. Rh3 Bc2 74.
Rh1 Ra4 75. Kg3 Ke2 76. Rg1 Bd1 77. Rh1 Rb4 78. Rg1 Rb1 79. Rh1 Bc2 80. Rxb1
Bxb1 81. Kf4 Kf2 82. g4 Ba2 83. Kg5 Bf7 84. f4 Kf3 85. f5 hxg4 86. fxg6 Bxg6 0-1

[Event "Olimpiade 2022 - Open"]
[Site "Chennai"]
[Date "09.08.2022"]
[Round "11.8"]
[Board "4"]
[White "Kazakouski, Valery"]
[Black "Onyshchuk, Volodymyr"]
[Result "1-0"]
[WhiteTitle "GM"]
[BlackTitle "GM"]
[WhiteElo "2528"]
[BlackElo "2612"]
[WhiteTeam "Lithuania"]
[BlackTeam "Ukraine"]
[WhiteFideId "13507443"]
[BlackFideId "14114038"]
[EventDate "2022.07.29"]

1. d4 Nf6 2. c4 g6 3. Nc3 Bg7 4. e4 d6 5. h3 O-O 6. Be3 c6 7. Nf3 Nbd7 8. g4 c5
9. Bg2 Ne8 10. Qd2 Nc7 11. Rd1 b6 12. Bh6 Re8 13. Bxg7 Kxg7 14. d5 f6 15. h4 Rf8
16. Ne2 Ne5 17. Nxe5 dxe5 18. g5 Qd6 19. h5 fxg5 20. Qxg5 Qf6 21. Qg3 g5 22. h6+
Kh8 23. Rh5 Rg8 24. Rd3 g4 25. Qxe5 Ne8 26. Qc3 Qxc3+ 27. Nxc3 Nd6 28. b3 Rb8
29. e5 Nf5 30. Nb5 Bd7 31. e6 Bxb5 32. Rxf5 Be8 33. Rg3 b5 34. Rf4 Bh5 35. cxb5
Rxb5 36. f3 Ra5 37. a4 c4 38. fxg4 cxb3 39. Rxb3 Bxg4 40. Kf2 Rc5 41. Be4 Rc4
42. Rg3 a5 43. Rgxg4 Rxg4 44. Rxg4 Rc2+ 45. Kg3 Rg2+ 46. Kf4 Rf2+ 47. Kg5 1-0

[Event "Olimpiade 2022 - Open"]
[Site "Chennai"]
[Date "09.08.2022"]
[Round "11.9"]
[Board "1"]
[White "Maghsoodloo, Parham"]
[Black "Erdos, Viktor"]
[Result "1-0"]
[WhiteTitle "GM"]
[BlackTitle "GM"]
[WhiteElo "2701"]
[BlackElo "2586"]
[WhiteTeam "Iran"]
[BlackTeam "Hungary"]
[WhiteFideId "12539929"]
[BlackFideId "719978"]
[EventDate "2022.07.29"]

1. d4 Nf6 2. c4 g6 3. h4 c6 4. Nh3 b5 5. cxb5 cxb5 6. Nd2 Nc6 7. e3 Rb8 8. Nf4
Bh6 9. Nd3 d6 10. b3 O-O 11. Bb2 Bf5 12. h5 Bg7 13. h6 Bh8 14. Be2 Re8 15. Rc1
Qb6 16. g4 Bxd3 17. Bxd3 e5 18. g5 Nd5 19. Be4 Ncb4 20. Bxd5 Nxd5 21. dxe5 Bxe5
22. Bxe5 Rxe5 23. Nf3 Rf5 24. e4 Ne3 25. Qd4 Ng2+ 26. Kf1 Ne3+ 27. Ke2 Qxd4 28.
Nxd4 Rxg5 29. Kxe3 1-0

[Event "Olimpiade 2022 - Open"]
[Site "Chennai"]
[Date "09.08.2022"]
[Round "11.9"]
[Board "2"]
[White "Berkes, Ferenc"]
[Black "Tabatabaei, M. Amin"]
[Result "1/2-1/2"]
[WhiteTitle "GM"]
[BlackTitle "GM"]
[WhiteElo "2649"]
[BlackElo "2664"]
[WhiteTeam "Hungary"]
[BlackTeam "Iran"]
[WhiteFideId "718572"]
[BlackFideId "12521213"]
[EventDate "2022.07.29"]

1. d4 Nf6 2. c4 e6 3. Nc3 Bb4 4. e3 O-O 5. Bd3 d5 6. a3 dxc4 7. Bxc4 Be7 8. Nf3
c5 9. O-O a6 10. dxc5 Bxc5 11. Qe2 b5 12. Ba2 Bb7 13. e4 Nbd7 14. e5 Bxf3 15.
gxf3 Nh5 16. Rd1 Qe7 17. Ne4 Ba7 18. Bg5 f6 19. exf6 gxf6 20. Rxd7 Qxd7 21.
Nxf6+ Rxf6 22. Bxf6 Bxf2+ 23. Kxf2 Qa7+ 24. Qe3 Nxf6 25. Bxe6+ Kf8 26. Rc1 Qxe3+
27. Kxe3 Ke7 28. Rc6 Ne8 29. Kd4 a5 30. Ke5 b4 31. Rb6 Nc7 32. Rb7 Kd8 33. axb4
axb4 34. Rxb4 Ra5+ 35. Kf6 Ne8+ 36. Kf7 Nd6+ 37. Kf6 Ne8+ 38. Kf7 Nd6+ 39. Kg7
Ke7 40. Bg4 h5 41. Bh3 Rg5+ 42. Kh7 Nf7 43. f4 Rg1 44. Rb7+ Kf8 45. Rb8+ Ke7 46.
Rg8 Re1 47. Rg2 Re3 48. Kg7 Nd6 49. Rg3 Re2 50. b3 h4 51. Rf3 Ne8+ 52. Kg6 Rxh2
53. Kg5 Nd6 54. Re3+ Kf7 55. f5 Rh1 56. Bg4 Kg7 57. Bh3 Kf7 58. Kg4 Kg7 59. Re7+
Kf8 60. Re6 Rd1 61. Kxh4 Rd3 62. b4 Rd4+ 63. Kh5 Nxf5 64. Bxf5 Rxb4 65. Bg6 Kg7
66. Kg5 Rb7 67. Rf6 Rc7 68. Bf5 Rf7 69. Re6 Kf8 70. Bg6 Re7 71. Rd6 Rc7 72. Kf6
Rf7+ 73. Ke6 Re7+ 74. Kf5 Rc7 75. Re6 Kg7 76. Kg5 Rc5+ 77. Bf5 Kf7 78. Rd6 Rc7
79. Rh6 Ke7 80. Re6+ Kd8 81. Kf6 Rc5 82. Be4 Kd7 83. Ra6 Rc1 84. Ke5 Rc5+ 85.
Bd5 Rc7 86. Rh6 Ke7 87. Bc6 Kd8 88. Rh8+ Ke7 89. Bd5 Kd7 90. Rh1 Ke7 91. Rh6 Kd7
92. Rg6 Ke7 93. Ra6 Kd7 94. Rd6+ Ke7 95. Bc6 Kf7 96. Be4 1/2-1/2

[Event "Olimpiade 2022 - Open"]
[Site "Chennai"]
[Date "09.08.2022"]
[Round "11.9"]
[Board "3"]
[White "Idani, Pouya"]
[Black "Banusz, Tamas"]
[Result "0-1"]
[WhiteTitle "GM"]
[BlackTitle "GM"]
[WhiteElo "2641"]
[BlackElo "2611"]
[WhiteTeam "Iran"]
[BlackTeam "Hungary"]
[WhiteFideId "12510130"]
[BlackFideId "722413"]
[EventDate "2022.07.29"]

1. e4 c5 2. Nf3 Nc6 3. Bb5 e6 4. O-O Nge7 5. d4 cxd4 6. Nxd4 Ng6 7. Be3 Be7 8.
c3 O-O 9. Nd2 Nxd4 10. cxd4 d5 11. e5 Nh4 12. f4 Bd7 13. Bd3 Qb6 14. a4 Rac8 15.
Bf2 Ng6 16. g3 Qxb2 17. Rb1 Qc3 18. Qe2 Bxa4 19. Rxb7 Rc7 20. Rxc7 Qxc7 21. Nf3
Rb8 22. h4 Qc3 23. h5 Nf8 24. g4 Rb2 25. Qe3 Rb3 26. Ne1 Bb5 27. Bxb5 Qxe3 28.
Bxe3 Rxb5 29. Nf3 a5 30. Ra1 Nd7 31. Bd2 Bb4 32. Bxb4 axb4 33. Rb1 b3 34. Rb2
Rb4 35. g5 Kf8 36. h6 g6 37. Kf1 Nb6 38. Nd2 Nc4 0-1

[Event "Olimpiade 2022 - Open"]
[Site "Chennai"]
[Date "09.08.2022"]
[Round "11.10"]
[Board "1"]
[White "Mastrovasilis, Dimitrios"]
[Black "Moussard, Jules"]
[Result "1/2-1/2"]
[WhiteTitle "GM"]
[BlackTitle "GM"]
[WhiteElo "2599"]
[BlackElo "2672"]
[WhiteTeam "Greece"]
[BlackTeam "France"]
[WhiteFideId "4202694"]
[BlackFideId "642908"]
[EventDate "2022.07.29"]

1. e4 c5 2. Nf3 d6 3. Bb5+ Bd7 4. Bxd7+ Qxd7 5. O-O Nc6 6. c3 d5 7. d3 e6 8. Qe2
Be7 9. Re1 h6 10. Bf4 Nf6 11. Nbd2 Nh5 12. Be5 O-O 13. h3 f5 14. exd5 exd5 15.
Bh2 Bd6 16. Bxd6 Qxd6 17. Ne5 Nf4 18. Qe3 Qxe5 19. Qxe5 Nxe5 20. Rxe5 Nxd3 21.
Rxd5 Rad8 22. Rxd8 Rxd8 23. Nc4 b5 24. Na3 a6 25. Rd1 Kf7 26. Nc2 Ke8 27. b4 g6
28. Kf1 Ke7 29. g3 Rd6 30. Ke2 Nb2 31. Rd2 Na4 32. Rxd6 Kxd6 33. Kd3 Nb2+ 34.
Kd2 cxb4 35. Nxb4 a5 36. Nd3 Nxd3 37. Kxd3 Kd5 38. h4 g5 39. hxg5 hxg5 40. Kd2
Kc4 41. Kc2 a4 42. Kd2 b4 43. cxb4 Kxb4 44. Kc2 Kc4 45. Kd2 Kd4 46. Kc2 Ke4 47.
Kd2 Kf3 48. Ke1 Kg2 49. Ke2 Kh2 50. Kd2 Kh1 51. Kd1 a3 52. Kd2 Kh2 53. Kd3 Kg2
54. Ke3 Kf1 55. Kf3 Kg1 56. Ke2 Kh2 57. Kd3 Kg1 58. Ke2 Kh1 59. Kd2 Kg1 60. Ke2
Kg2 61. Ke3 Kf1 62. Kf3 Ke1 63. Ke3 Kd1 64. Kd3 Ke1 65. Ke3 Kd1 66. Kd3 g4 67.
Ke3 Kc2 68. Ke2 Kc3 69. Ke3 Kb2 70. Kd2 Kb1 71. Kd1 Kxa2 72. Kc2 Ka1 73. Kc1 Ka2
74. Kc2 Ka1 75. Kc1 1/2-1/2

[Event "Olimpiade 2022 - Open"]
[Site "Chennai"]
[Date "09.08.2022"]
[Round "11.10"]
[Board "2"]
[White "Fressinet, Laurent"]
[Black "Mastrovasilis, Athanasios"]
[Result "1/2-1/2"]
[WhiteTitle "GM"]
[BlackTitle "GM"]
[WhiteElo "2631"]
[BlackElo "2527"]
[WhiteTeam "France"]
[BlackTeam "Greece"]
[WhiteFideId "608742"]
[BlackFideId "4201990"]
[EventDate "2022.07.29"]

1. d4 Nf6 2. c4 e6 3. g3 d5 4. Bg2 dxc4 5. Nf3 c5 6. Qa4+ Nbd7 7. Nc3 a6 8. O-O
Rb8 9. dxc5 Bxc5 10. Qxc4 b5 11. Qd3 Bb7 12. Bf4 Rc8 13. Ng5 Bxg2 14. Kxg2 e5
15. Bd2 Nb6 16. Qxd8+ Rxd8 17. Nce4 Nxe4 18. Nxe4 Be7 19. Ba5 Rb8 20. Rac1 Nc4
21. Bc3 f6 22. Rfd1 Kf7 23. b3 Nb6 24. Ba5 Rhc8 25. Rxc8 Nxc8 26. Rc1 Ke6 27. f3
f5 28. Nc5+ Bxc5 29. Rxc5 Ne7 30. Bc7 Rc8 31. Rxe5+ Kd7 32. Bb6 Rc2 33. a4 Kd6
34. f4 Nd5 35. Ba7 Rb2 36. axb5 axb5 37. Rxf5 Rxe2+ 38. Kh3 Ke6 39. Rf8 Rd2 40.
f5+ Ke5 41. Rf7 h5 42. Bc5 Nf6 43. Bf8 Rd7 44. Rxd7 Nxd7 45. Bxg7+ Kxf5 46. b4
Nb6 47. Kh4 Kg6 48. Bf8 Nd7 49. Be7 Ne5 50. Kh3 Kf5 51. Bd6 Nf3 52. Kg2 Ke4 53.
Bc7 Ng5 54. Bb8 Nf3 55. Bf4 Ne1+ 56. Kh3 Nf3 57. Bd6 Kf5 58. Kg2 Ke4 59. h3 Ne1+
60. Kf2 Nd3+ 61. Ke2 Nc1+ 62. Kd2 Nd3 63. Ke2 Nc1+ 64. Kf2 Nd3+ 1/2-1/2

[Event "Olimpiade 2022 - Open"]
[Site "Chennai"]
[Date "09.08.2022"]
[Round "11.10"]
[Board "3"]
[White "Banikas, Hristos"]
[Black "Cornette, Matthieu"]
[Result "1/2-1/2"]
[WhiteTitle "GM"]
[BlackTitle "GM"]
[WhiteElo "2598"]
[BlackElo "2551"]
[WhiteTeam "Greece"]
[BlackTeam "France"]
[WhiteFideId "4202031"]
[BlackFideId "620084"]
[EventDate "2022.07.29"]

1. d4 Nf6 2. c4 e6 3. g3 d5 4. Bg2 Bb4+ 5. Nd2 O-O 6. Nf3 b6 7. O-O Bb7 8. b3
Re8 9. Bb2 a5 10. Rc1 a4 11. a3 Bxd2 12. Nxd2 axb3 13. cxd5 exd5 14. Re1 Nbd7
15. Qxb3 Ra7 16. Rc2 Ba8 17. Nb1 Ne4 18. Nc3 Nxc3 19. Bxc3 Nf6 20. Bb4 Bb7 21.
Qf3 Bc8 22. Qf4 Nh5 23. Qf3 Nf6 24. Qf4 Nh5 25. Qd2 Bf5 26. Rc3 Nf6 27. f3 h6
28. Rec1 Qd7 29. g4 Bg6 30. Kf2 Nh7 31. Qf4 Qb5 32. Re3 Rxe3 33. Qxe3 Qd7 34.
Qe7 Qxe7 35. Bxe7 Ng5 36. Rc6 Ne6 37. e3 Bd3 38. Bf1 Bxf1 39. Kxf1 Ra8 40. f4
Re8 41. Bh4 g5 42. fxg5 hxg5 43. Bg3 Ra8 44. Kf2 Rxa3 45. Bxc7 Ra2+ 46. Kf3 Nxc7
47. Rxc7 Kg7 48. Rd7 Ra5 49. Kg3 Rb5 50. h4 gxh4+ 51. Kxh4 Kf6 52. Kg3 Ke6 53.
Rc7 Rb1 54. Rc6+ Kd7 55. Rf6 Ke7 56. g5 Rg1+ 57. Kf4 Rf1+ 58. Ke5 Rg1 59. Rxb6
Rxg5+ 1/2-1/2

[Event "Olimpiade 2022 - Open"]
[Site "Chennai"]
[Date "09.08.2022"]
[Round "11.10"]
[Board "4"]
[White "Lagarde, Maxime"]
[Black "Ioannidis, Evgenios"]
[Result "1/2-1/2"]
[WhiteTitle "GM"]
[BlackTitle "IM"]
[WhiteElo "2631"]
[BlackElo "2459"]
[WhiteTeam "France"]
[BlackTeam "Greece"]
[WhiteFideId "662399"]
[BlackFideId "4229274"]
[EventDate "2022.07.29"]

1. e4 e5 2. Nf3 Nc6 3. Bb5 a6 4. Ba4 Nf6 5. O-O Bc5 6. Nxe5 Nxe5 7. d4 b5 8.
dxe5 Nxe4 9. Bb3 Bb7 10. Qh5 Qe7 11. Nc3 Nxc3 12. Bg5 g6 13. Bxe7 gxh5 14. Bxc5
Ne2+ 15. Kh1 Rg8 16. f3 Nf4 17. g3 Ne6 18. Be3 h4 19. Kg2 h5 20. Kf2 hxg3+ 21.
hxg3 Ng5 22. Bxg5 Rxg5 23. c3 Ke7 24. f4 Rg7 25. Bd1 Rh8 26. a4 h4 27. g4 h3 28.
axb5 axb5 29. Bf3 Bxf3 30. Kxf3 h2 31. Rae1 Rh3+ 32. Kg2 Rd3 33. Kxh2 Rxg4 34.
Rf2 Ke6 35. f5+ Kd5 36. e6 dxe6 37. fxe6 fxe6 38. Rfe2 Rg6 39. Re5+ Kd6 40. Rxb5
Rd5 41. Rxd5+ exd5 42. Rg1 Rf6 43. Kg2 Kc5 44. Rd1 c6 45. Rd4 Rf8 46. Rb4 Kd6
47. Rb6 Rf6 48. b4 Kc7 49. Ra6 Rf4 50. Kg3 Rc4 51. Ra3 d4 52. cxd4 Rxd4 53. Kf3
Kb6 54. Ke3 Rh4 55. Ra8 Rxb4 56. Kd3 Rh4 57. Kc3 Kb5 58. Rg8 Rh3+ 59. Kc2 c5 60.
Rg4 c4 1/2-1/2

[Event "Olimpiade 2022 - Open"]
[Site "Chennai"]
[Date "09.08.2022"]
[Round "11.11"]
[Board "1"]
[White "Jumabayev, Rinat"]
[Black "Ganguly, Surya Shekhar"]
[Result "1-0"]
[WhiteTitle "GM"]
[BlackTitle "GM"]
[WhiteElo "2617"]
[BlackElo "2608"]
[WhiteTeam "Kazakhstan"]
[BlackTeam "India 3"]
[WhiteFideId "13702661"]
[BlackFideId "5002150"]
[EventDate "2022.07.29"]

1. c4 e6 2. Nf3 Nf6 3. Nc3 d5 4. e3 b6 5. cxd5 exd5 6. b3 Bb7 7. Bb2 Nbd7 8. Rc1
a6 9. Ne2 c5 10. Ng3 g6 11. d4 Bg7 12. Be2 O-O 13. Rc2 Bc6 14. Qc1 Bb5 15. O-O
Qb8 16. Rd1 Qb7 17. dxc5 bxc5 18. Bxf6 Bxf6 19. Bxb5 axb5 20. Rcd2 d4 21. exd4
cxd4 22. Qb1 Nc5 23. Nxd4 b4 24. Rc2 Ra5 25. Rc4 h5 26. h3 Re8 27. Qc2 h4 28.
Nf1 Qb6 29. Ne3 Rd8 30. Nf3 Rxd1+ 31. Qxd1 Ne6 32. Rc2 Qb7 33. Ng4 Bc3 34. Qc1
Qa6 35. Qh6 Qd3 36. Rxc3 Qxc3 37. Nfe5 Ng7 38. Nf6+ Kf8 39. Nfd7+ Ke7 40. Qxh4+
Kd6 41. Qf6+ Ne6 42. Nc4+ Kxd7 43. Qxf7+ Kd8 44. Nxa5 Qe1+ 45. Kh2 Qe5+ 46. f4
Qd5 47. Nb7+ Kc8 48. Nc5 1-0

[Event "Olimpiade 2022 - Open"]
[Site "Chennai"]
[Date "09.08.2022"]
[Round "11.11"]
[Board "2"]
[White "Sethuraman, S.P."]
[Black "Suleymenov, Alisher"]
[Result "1/2-1/2"]
[WhiteTitle "GM"]
[BlackTitle "IM"]
[WhiteElo "2623"]
[BlackElo "2467"]
[WhiteTeam "India 3"]
[BlackTeam "Kazakhstan"]
[WhiteFideId "5021596"]
[BlackFideId "13707833"]
[EventDate "2022.07.29"]

1. e4 c5 2. Nf3 Nc6 3. Bb5 g6 4. Bxc6 bxc6 5. O-O Bg7 6. Re1 Nh6 7. c3 O-O 8. d4
cxd4 9. cxd4 d5 10. e5 f6 11. Qc2 Qb6 12. Bxh6 Bxh6 13. e6 Rb8 14. b3 Qc7 15.
Nc3 Qd6 16. Qe2 c5 17. Rad1 Bb7 18. h4 Kh8 19. Nb5 Qb6 20. dxc5 Qxc5 21. Nbd4
Qd6 22. h5 Ba6 23. Qb2 Rg8 24. hxg6 Qf4 25. Qa3 Bb5 26. Nxb5 Rxg6 27. Nbd4 Rbg8
28. Kf1 Rxg2 29. Qxe7 Qg4 30. Re3 Bxe3 31. Qxf6+ Rg7 32. Qf8+ Rg8 33. Qf6+ Rg7
34. Qf8+ Rg8 35. Qf6+ 1/2-1/2

[Event "Olimpiade 2022 - Open"]
[Site "Chennai"]
[Date "09.08.2022"]
[Round "11.11"]
[Board "3"]
[White "Urazayev, Arystanbek"]
[Black "Karthikeyan, Murali"]
[Result "0-1"]
[WhiteTitle "IM"]
[BlackTitle "GM"]
[WhiteElo "2430"]
[BlackElo "2613"]
[WhiteTeam "Kazakhstan"]
[BlackTeam "India 3"]
[WhiteFideId "13709810"]
[BlackFideId "5074452"]
[EventDate "2022.07.29"]

1. e4 e5 2. Nf3 Nc6 3. Bb5 a6 4. Ba4 Nf6 5. d3 Bc5 6. c3 O-O 7. O-O d5 8. Nbd2
Re8 9. h3 b5 10. Bc2 h6 11. exd5 Nxd5 12. Ne4 Bf8 13. Re1 Be6 14. Ng3 Bd6 15. d4
exd4 16. Nxd4 Nxd4 17. Qxd4 c5 18. Qd3 Nf6 19. Be3 Bc4 20. Qd1 Qc7 21. Nf5 Bh2+
22. Kh1 Rad8 23. Qc1 Bf4 24. Bxf4 Rxe1+ 25. Qxe1 Qxf4 26. Ne3 Be6 27. Rd1 Re8
28. Kg1 Qg5 29. Kh1 Bxa2 30. Qd2 Qf4 31. Ra1 Bd5 32. Rxa6 Qg5 33. Rd6 Be4 34.
Rd8 Rxd8 35. Qxd8+ Kh7 36. Bxe4+ Nxe4 37. Qxg5 hxg5 38. Kg1 Kg6 39. f3 Nd6 40.
Kf2 Kf6 41. Ke2 Ke5 42. b3 Nb7 43. Nf1 b4 44. cxb4 cxb4 45. Kd3 Na5 46. Nd2 Kd5
47. Ke3 f6 48. Kd3 f5 49. Ke3 f4+ 50. Kd3 g6 51. Kc2 Kd4 52. Ne4 Ke3 53. Nxg5
Nc6 54. Ne4 Nd4+ 55. Kb2 Nf5 56. Nf6 Kf2 57. Nd5 g5 58. Nxb4 Kxg2 59. Nd3 Kxf3
60. b4 Ke3 61. Kc3 Ne7 62. Ne5 Nd5+ 63. Kc4 Nxb4 64. Kxb4 f3 65. Kc3 f2 66. Ng4+
Ke2 67. Nh2 f1=Q 68. Nxf1 Kxf1 69. Kd2 Kg2 70. Ke2 Kxh3 71. Kf2 g4 72. Kg1 Kg3 0-1

[Event "Olimpiade 2022 - Open"]
[Site "Chennai"]
[Date "09.08.2022"]
[Round "11.11"]
[Board "4"]
[White "Puranik, Abhimanyu"]
[Black "Nogerbek, Kazybek"]
[Result "1/2-1/2"]
[WhiteTitle "GM"]
[BlackTitle "FM"]
[WhiteElo "2612"]
[BlackElo "2437"]
[WhiteTeam "India 3"]
[BlackTeam "Kazakhstan"]
[WhiteFideId "5061245"]
[BlackFideId "13710427"]
[EventDate "2022.07.29"]

1. Nf3 d5 2. g3 Nc6 3. d4 Bf5 4. Bg2 Nb4 5. Na3 e6 6. O-O Nf6 7. Bg5 Be7 8. c3
Nc6 9. Nd2 O-O 10. Bxf6 Bxf6 11. e4 dxe4 12. Nxe4 Be7 13. Nc4 Qc8 14. f4 Nb8 15.
Ne3 Bxe4 16. Bxe4 Nd7 17. f5 Nf6 18. Bc2 c5 19. fxe6 fxe6 20. Qd3 cxd4 21. cxd4
g6 22. Bb3 Kh8 23. Rae1 Qd7 24. Bxe6 Qxe6 25. Nf5 Qd7 26. Rxe7 Qd8 27. Rxb7 gxf5
28. Rxf5 Qc8 29. Re7 Qc1+ 30. Rf1 Qh6 31. d5 Rac8 32. Kg2 Qg6 33. Rf5 Ng8 34.
Qd4+ Rf6 35. Rxf6 Qxf6 36. Qxf6+ Nxf6 37. d6 Rd8 38. Rxa7 Rxd6 39. Rb7 Rd2+ 40.
Kf3 1/2-1/2

[Event "Olimpiade 2022 - Open"]
[Site "Chennai"]
[Date "09.08.2022"]
[Round "11.12"]
[Board "1"]
[White "Pechac, Jergus"]
[Black "Navara, David"]
[Result "1-0"]
[WhiteTitle "GM"]
[BlackTitle "GM"]
[WhiteElo "2594"]
[BlackElo "2688"]
[WhiteTeam "Slovakia"]
[BlackTeam "Czech Republic"]
[WhiteFideId "14926970"]
[BlackFideId "309095"]
[EventDate "2022.07.29"]

1. d4 Nf6 2. c4 e6 3. Nf3 d5 4. Nc3 Bb4 5. Bg5 h6 6. Bxf6 Qxf6 7. cxd5 exd5 8.
Rc1 O-O 9. a3 Bxc3+ 10. Rxc3 c6 11. Rg1 Bg4 12. Ne5 Be6 13. g4 Nd7 14. Nxd7 Bxd7
15. Qd2 Rae8 16. g5 hxg5 17. Rxg5 Re4 18. Rcg3 g6 19. e3 Rfe8 20. Bd3 Qxd4 21.
Qc2 Qf6 22. Bxe4 Rxe4 23. Kf1 Rc4 24. Qb1 Kf8 25. b3 Rh4 26. Kg1 Qh8 27. Qc1 Kg8
28. Qc5 Bh3 29. Qc1 Bd7 30. Qc5 Bh3 31. Qc1 Qf6 32. Qb1 a5 33. f4 Kh7 34. Re5 d4
35. Qa1 Qd6 36. Qxd4 Qxa3 37. Rxh3 Qc1+ 38. Kg2 Qc2+ 39. Kg3 Rxh3+ 40. Kxh3 Qe2
41. Qe4 f5 42. Qg2 Qh5+ 43. Kg3 Qd1 44. h3 Qxb3 45. Re7+ 1-0

[Event "Olimpiade 2022 - Open"]
[Site "Chennai"]
[Date "09.08.2022"]
[Round "11.12"]
[Board "2"]
[White "Nguyen, Thai Dai Van"]
[Black "Gazik, Viktor"]
[Result "1/2-1/2"]
[WhiteTitle "GM"]
[BlackTitle "IM"]
[WhiteElo "2629"]
[BlackElo "2544"]
[WhiteTeam "Czech Republic"]
[BlackTeam "Slovakia"]
[WhiteFideId "358878"]
[BlackFideId "14928752"]
[EventDate "2022.07.29"]

1. Nf3 Nf6 2. c4 b6 3. g3 Bb7 4. Bg2 c5 5. O-O e6 6. Nc3 Be7 7. d4 cxd4 8. Qxd4
Nc6 9. Qf4 O-O 10. Rd1 Qb8 11. Qxb8 Raxb8 12. Bf4 Rbc8 13. Ne5 d6 14. Nxc6 Bxc6
15. Bxd6 Bxd6 16. Rxd6 Bxg2 17. Kxg2 Rxc4 18. Rad1 g5 19. R1d4 Rfc8 20. e4 b5
21. Nxb5 Rc2 22. Nxa7 Ra8 23. Nc6 Rxb2 24. a4 Ng4 25. Rd2 Rxd2 26. Rxd2 Rxa4 27.
h3 Nf6 28. f3 Kg7 29. Ne5 h5 30. g4 hxg4 1/2-1/2

[Event "Olimpiade 2022 - Open"]
[Site "Chennai"]
[Date "09.08.2022"]
[Round "11.13"]
[Board "3"]
[White "Pelletier, Yannick"]
[Black "Rodshtein, Maxim"]
[Result "0-1"]
[WhiteTitle "GM"]
[BlackTitle "GM"]
[WhiteElo "2551"]
[BlackElo "2596"]
[WhiteTeam "Switzerland"]
[BlackTeam "Israel"]
[WhiteFideId "1301837"]
[BlackFideId "2806851"]
[EventDate "2022.07.29"]

1. d4 Nf6 2. c4 e6 3. Nf3 d5 4. Nc3 c6 5. e3 Nbd7 6. Qc2 Bd6 7. b3 O-O 8. Be2 b6
9. O-O Bb7 10. Bb2 Qe7 11. Rfe1 Rfe8 12. e4 Nxe4 13. Nxe4 dxe4 14. Qxe4 Nf6 15.
Qc2 c5 16. d5 exd5 17. Bd3 Ne4 18. cxd5 f5 19. Rad1 a6 20. g3 Qf7 21. Bxe4 Rxe4
22. Rxe4 fxe4 23. Ng5 Qh5 24. Nxe4 Bf8 25. h4 h6 26. a4 Re8 27. Nc3 Qf3 28. Kh2
Bd6 29. Rd3 Qg4 30. Kg2 b5 31. axb5 axb5 32. Qd1 Qxd1 33. Nxd1 Re2 34. Bc3 b4
35. Bb2 Ba6 36. Re3 Rd2 37. Re6 Rxd5 38. Ne3 Kf7 39. Nxd5 Kxe6 40. Ne3 Be5 41.
Bc1 Bb7+ 42. f3 Bd5 43. Nxd5 Kxd5 44. g4 c4 45. bxc4+ Kxc4 46. f4 Bc3 47. f5 Kd3
48. g5 hxg5 49. hxg5 b3 50. f6 gxf6 51. g6 f5 52. Kf3 Be5 53. Ba3 Kc4 54. Ke3
Kd5 0-1

[Event "Olimpiade 2022 - Open"]
[Site "Chennai"]
[Date "09.08.2022"]
[Round "11.14"]
[Board "1"]
[White "Amin, Bassem"]
[Black "Jobava, Baadur"]
[Result "1/2-1/2"]
[WhiteTitle "GM"]
[BlackTitle "GM"]
[WhiteElo "2680"]
[BlackElo "2585"]
[WhiteTeam "Egypt"]
[BlackTeam "Georgia"]
[WhiteFideId "10601457"]
[BlackFideId "13601520"]
[EventDate "2022.07.29"]

1. Nf3 d5 2. g3 g6 3. Bg2 Bg7 4. O-O e5 5. d3 Nc6 6. Nc3 Nge7 7. e4 dxe4 8. dxe4
Be6 9. b3 Nd4 10. Ng5 Bd7 11. Nd5 h6 12. c3 Nxd5 13. exd5 hxg5 14. cxd4 O-O 15.
Bb2 e4 16. Bxe4 Re8 17. Re1 a5 18. Qc2 a4 19. a3 axb3 20. Qxb3 Ba4 21. Qc4 Qd6
22. Bc3 Qd7 23. Bg2 Rxe1+ 24. Rxe1 Bb5 25. Qb3 Re8 26. Re3 g4 27. Qd1 Rxe3 28.
fxe3 Qe7 29. Qc1 Bh6 30. Bd2 Bd3 31. a4 Be4 32. Qc5 Qe8 33. Qb5 c6 34. dxc6 Bxg2
35. Kxg2 Qe4+ 36. Kf2 Bxe3+ 37. Bxe3 Qf3+ 38. Ke1 Qxe3+ 39. Qe2 Qc3+ 40. Kf1
Qxc6 41. Qxg4 Qxa4 42. Qc8+ Kg7 43. Qxb7 1/2-1/2